书目信息 |
| 题名: |
张王乐府
|
|
| 作者: | 徐澄宇选 注 | |
| 分册: | ||
| 出版信息: | 上海 古典文学出版社 1957 |
|
| 页数: | 108页 | |
| 开本: | 19cm | |
| 丛书名: | ||
| 单 册: | ||
| 中图分类: | I222.6 | |
| 科图分类: | ||
| 主题词: | 诗歌--中国 , 韵文--中国 | |
| 电子资源: | ||
| ISBN: | ||
| 000 | 00548nam0 2200205 450 | |
| 001 | 0656847468 | |
| 005 | 20060802155044.40 | |
| 010 | @dCNY0.38 | |
| 100 | @a20060802d1957 km y0chiy0120 ea | |
| 101 | 0 | @achi |
| 102 | @aCN@b310000 | |
| 200 | 1 | @a张王乐府@Azhang wang yue fu@f徐澄宇选注@Fxu cheng yu xuan zhu |
| 210 | @a上海@c古典文学出版社@d1957 | |
| 215 | @a108页@d19cm | |
| 606 | 0 | @a诗歌@x中国 |
| 606 | 0 | @a韵文@x中国 |
| 690 | @aI222.6@v3 | |
| 701 | 0 | @a徐澄宇选@Axu cheng yu xuan@4注 |
| 801 | 0 | @aCN@bPFT@c20060802 |
| 905 | @a10447@dI222.6@e450 | |
| 张王乐府/徐澄宇选注.-上海:古典文学出版社,1957 |
| 108页;19cm |
| ISBN :CNY0.38 |
| ● |
| 相关链接 |
|
|
|
|
正题名:张王乐府
索取号:I222.6/450
 
预约/预借
| 序号 | 登录号 | 条形码 | 馆藏地/架位号 | 状态 | 备注 |
| 1 | 0428959 | 204289590 | 密集书库/ [索取号:I222.6/450] | 在馆 | |
| 2 | 0428960 | 204289607 | 密集书库/ [索取号:I222.6/450] | 在馆 |